Introducción al estudio de los Cuatro Evangelios (Record no. 8954)

MARC details
000 -LEADER
campo de control de longitud fija 00502ntaaa2200181 4500
003 - IDENTIFICADOR DE NÚMERO DE CONTROL
campo de control 01
005 - FECHA Y HORA DE LA ÚLTIMA TRANSACCIÓN
campo de control 20251027201436.0
008 - DATOS DE LONGITUD FIJA--INFORMACIÓN GENERAL
campo de control de longitud fija 0714s1973 ag 01
040 ## - FUENTE DE CATALOGACIÓN
Centro catalogador/agencia de origen AR-BaBN
Lengua de catalogación spa
Centro/agencia transcriptor AR-BaBN
Normas de descripción aacr
Centro/agencia modificador RIC
082 ## - NÚMERO DE LA CLASIFICACIÓN DECIMAL DEWEY
Número de clasificación 226.0000 T72
100 ## - ENTRADA PRINCIPAL--NOMBRE DE PERSONA
Nombre de persona Trenchard, Ernesto
9 (RLIN) 568
245 ## - MENCIÓN DEL TÍTULO
Título Introducción al estudio de los Cuatro Evangelios
250 ## - MENCION DE EDICION
Mención de edición 1 ed. :
Resto de la mención de edición Literatura Bíblica,
-- 1961
300 ## - DESCRIPCIÓN FÍSICA
Extensión 396 p.
650 ## - PUNTO DE ACCESO ADICIONAL DE MATERIA--TÉRMINO DE MATERIA
Término de materia o nombre geográfico como elemento de entrada Biblia-Nuevo Testamento-Evangelios
9 (RLIN) 6719
650 ## - PUNTO DE ACCESO ADICIONAL DE MATERIA--TÉRMINO DE MATERIA
Término de materia o nombre geográfico como elemento de entrada Evangelios
9 (RLIN) 11989
942 ## - ELEMENTOS DE ENTRADA SECUNDARIOS (KOHA)
Tipo de ítem Koha Colección General
Holdings
Estatus retirado Estado de pérdida Estado de daño No para préstamo Biblioteca de origen Biblioteca actual Fecha de adquisición Número de inventario Total de préstamos Signatura topográfica completa Código de barras Visto por última vez Precio de reemplazo Tipo de ítem Koha
        Biblioteca Pluis Biblioteca Pluis 27/10/2025 13559   226.0000 T72 13559 27/10/2025 27/10/2025 Colección General
        Biblioteca Pluis Biblioteca Pluis 27/10/2025 13560     13560 27/10/2025 27/10/2025 Colección General
        Biblioteca Pluis Biblioteca Pluis 27/10/2025 31267     31267 27/10/2025 27/10/2025 Colección General